10 Largest Cities in Zimbabwe - Statistics

General Stats
  • This quiz has been taken 149 times
  • The average score is 5 of 10
Answer Stats
Hint Answer Population % Correct
1 Harare 1,485,231
100%
2 Bulawayo 653,337
82%
6 Gweru 157,865
56%
4 Mutare 187,621
54%
7 Kwekwe 100,900
39%
9 Masvingo 87,866
36%
3 Chitungwiza 356,840
33%
8 Kadoma 92,469
29%
10 Chinhoyi 77,929
24%
5 Epworth 167,462
18%
No matching quizzes found
Score Distribution
Percent of People with Each Score
Percentile by Number Answered
Your Score History
You have not taken this quiz